Toward a people's anthropology / (Record no. 7561)

MARC details
000 -LEADER
fixed length control field 01097cam a2200265 4500
001 - CONTROL NUMBER
control field 8725
005 - DATE AND TIME OF LATEST TRANSACTION
control field 20181127190610.0
008 - FIXED-LENGTH DATA ELEMENTS--GENERAL INFORMATION
fixed length control field 821207s1981 cc af 001 0 eng
010 ## - LIBRARY OF CONGRESS CONTROL NUMBER
LC control number 82137510
082 00 - DEWEY DECIMAL CLASSIFICATION NUMBER
Classification number 306/.0951
Edition number 19
100 1# - MAIN ENTRY--PERSONAL NAME
Personal name Tung, Fei, Hsiao.
245 10 - TITLE STATEMENT
Title Toward a people's anthropology /
Statement of responsibility, etc. Fei Hsiao Tung.
250 ## - EDITION STATEMENT
Edition statement 1st ed.
260 ## - PUBLICATION, DISTRIBUTION, ETC.
Place of publication, distribution, etc. Beijing, China :
Name of publisher, distributor, etc. New World Press :
-- Distributed by Guoji Shudian,
Date of publication, distribution, etc. 1981.
300 ## - PHYSICAL DESCRIPTION
Extent vi, 121 p., [25] p. of plates :
Other physical details ill. ;
Dimensions 21 cm.
490 1# - SERIES STATEMENT
Series statement China studies series
500 ## - GENERAL NOTE
General note Includes index.
505 0# - FORMATTED CONTENTS NOTE
Formatted contents note Toward a people's anthropology -- China's national minorities -- On the social transformation of China's national minorities -- Ethnic identification in China -- Modernization and national minorities in China -- Revisiting the mountains of the Yao people.
650 #0 - SUBJECT ADDED ENTRY--TOPICAL TERM
Topical term or geographic name entry element Ethnology
Geographic subdivision China.
Topical term or geographic name entry element Minorities
Geographic subdivision China.
651 #0 - SUBJECT ADDED ENTRY--GEOGRAPHIC NAME
Geographic name China
General subdivision Social life and customs.
830 #0 - SERIES ADDED ENTRY--UNIFORM TITLE
Uniform title China studies series (Beijing, China)
906 ## -
-- 7
-- cbc
-- orignew
-- 2
-- ncip
-- 19
-- y-gencatlg
Holdings
Withdrawn status Lost status Source of classification or shelving scheme Damaged status Not for loan Collection code Home library Current library Shelving location Serial Enumeration / chronology Inventory number Total Checkouts Full call number Barcode Date last seen Price effective from Koha item type
    Dewey Decimal Classification     Main TEST RTC Library RTC Library Main opac 13211   306 TUN 30013155 27/11/2018 27/11/2018 Main
Royal Thimphu College || All Right Reserved